VETERINARIO DE ZOOLOGICO (Registro nro. 45722)
[ vista simple ]
| 000 -LEADER | |
|---|---|
| fixed length control field | 01001nam a2200205 a 4500 |
| 001 - CONTROL NUMBER | |
| control field | 45722 |
| 005 - DATE AND TIME OF LATEST TRANSACTION | |
| control field | 20180714025025.0 |
| 008 - FIXED-LENGTH DATA ELEMENTS--GENERAL INFORMATION | |
| fixed length control field | 140415s1981 mx 000 0 spa d |
| 020 ## - INTERNATIONAL STANDARD BOOK NUMBER | |
| International Standard Book Number | 9681305272 |
| 041 ## - LANGUAGE CODE | |
| Language code of text/sound track or separate title | spa |
| 082 ## - DEWEY DECIMAL CLASSIFICATION NUMBER | |
| Classification number | 636.089092 |
| Item number | TAY |
| 100 1# - MAIN ENTRY--PERSONAL NAME | |
| Personal name | TAYLOR, DAVID |
| 245 10 - TITLE STATEMENT | |
| Title | VETERINARIO DE ZOOLOGICO |
| 250 ## - EDITION STATEMENT | |
| Edition statement | 1a ed. |
| 260 ## - PUBLICATION, DISTRIBUTION, ETC. | |
| Place of publication, distribution, etc. | MEXICO : |
| Name of publisher, distributor, etc. | DIANA, |
| Date of publication, distribution, etc. | 1981 |
| 300 ## - PHYSICAL DESCRIPTION | |
| Extent | 80 |
| Dimensions | 14 x 1.5 x 21.5 |
| 490 ## - SERIES STATEMENT | |
| Series statement | CREATIVIDAD SIGLO XXI |
| 520 ## - SUMMARY, ETC. | |
| Summary, etc. | ES UN LIBRO QUE MERECE SER BEST SELLE POR SU ORIGINALIDAD, EL DOCTRO TAYLOR LLEVA A SUS LECTORES A TRAVÉS DE CIENTOS DE MILES DE KILOMETROS DE VIAJE, VISITANDO ZOOLÓGICOS, CIRCOS, REFUGIOS SILVESTRES O CRIADEROS MARINOS, PARA VER A SUS PACIENTES, LOS ANIMALES MÁS DIVERSOS. CON SENCILLEZ IMPRESIONANTE Y CON AMENA INGENUIDAD, EL AUTOR HABLA DEL GORILA DEMASIADO AFECTUOSO, DEL ELEFANTE CON DOLOR DE MUELAS, DE LA OPERACIÓN HACHA A UN PAQUIDERMO, DEL FURIOSO TIGRE SIBERIANO AL QUE TUVO QUE |
| 650 14 - SUBJECT ADDED ENTRY--TOPICAL TERM | |
| Topical term or geographic name entry element | VETERINARIOS |
| Withdrawn status | Lost status | Source of classification or shelving scheme | Damaged status | Not for loan | Collection code | Home library | Current library | Shelving location | Date acquired | Source of acquisition | Inventory number | Total Checkouts | Total Renewals | Full call number | Barcode | Date last seen | Date last checked out | Price effective from | Koha item type |
|---|---|---|---|---|---|---|---|---|---|---|---|---|---|---|---|---|---|---|---|
| Dewey Decimal Classification | General | Biblioteca Karol Wojtyla | Biblioteca Karol Wojtyla | Sala general | 03/12/2013 | Compra | 151000000000000000011188 | 4 | 1 | 636.089092 TAY | 68664 | 05/01/2026 | 23/08/2025 | 03/12/2013 | Libro |